书目信息 |
| 题名: |
激励员工
|
|
| 作者: | 鲍恩 , Bowen 著 ;范国艳 译 | |
| 分册: | ||
| 出版信息: | 北京 企业管理出版社 2001.01 |
|
| 页数: | 305,20页 | |
| 开本: | 21cm | |
| 丛书名: | 派力管理思想库 | |
| 单 册: | ||
| 中图分类: | F272.92 , C936 | |
| 科图分类: | ||
| 主题词: | 企业管理--激励 , 企业管理 , 激励 , 管理组织学 | |
| 电子资源: | ||
| ISBN: | 7-80147-456-2 | |
| 000 | 00927oam2 2200337 45 | |
| 001 | (011001)c2001033364 | |
| 005 | 20041110162316.03 | |
| 009 | (011001)c2001033364 | |
| 010 | @a7-80147-456-2@dCNY 25.00 | |
| 035 | @a(011001)c2001033364 | |
| 100 | @a20010405d2001 em y0chiy0120 ea | |
| 101 | 0 | @achi |
| 102 | @aCN@b110000 | |
| 105 | @ay z 000yy | |
| 200 | 1 | @a激励员工@f(美)R.布雷顿·鲍恩(R.Brayton Bowen)著@g范国艳译 |
| 210 | @a北京@c企业管理出版社@d2001.01 | |
| 215 | @a305,20页@d21cm | |
| 225 | 2 | @a派力管理思想库@v1 |
| 461 | 0 | @12001 @a派力管理思想库@v1 |
| 510 | 1 | @aRecognizing and Rewarding Employees@zeng |
| 606 | 0 | @a企业管理@x激励 |
| 606 | 0 | @a企业管理 |
| 606 | 0 | @a激励 |
| 606 | 0 | @a管理组织学 |
| 690 | @aF272.92@v4 | |
| 690 | @aC936@v3 | |
| 701 | 1 | @a鲍恩@bR.布雷顿@4著 |
| 701 | 1 | @aBowen@bR.Brayton@4著 |
| 702 | 0 | @a范国艳@4译 |
| 801 | 0 | @aCN@c20041110 |
| 905 | @a10447@dC936@eB982 | |
| 激励员工/(美)R.布雷顿·鲍恩(R.Brayton Bowen)著/范国艳译.-北京:企业管理出版社,2001.01 |
| 305,20页;21cm.-(派力管理思想库;1) |
| ISBN 7-80147-456-2:CNY 25.00 |
| ● |
| 相关链接 |
|
|
|
正题名:激励员工
索取号:C936/B982
 
预约/预借
| 序号 | 登录号 | 条形码 | 馆藏地/架位号 | 状态 | 备注 |
| 1 | 426374 | 204263741 | 社科库509/509社科库 66排2列5层/ [索取号:C936/B982] | 在馆 | |
| 2 | 426375 | 204263750 | 社科库509/509社科库 66排2列5层/ [索取号:C936/B982] | 在馆 | |
| 3 | 426376 | 204263769 | 社科库509/509社科库 66排2列5层/ [索取号:C936/B982] | 在馆 |